Perfiles Latinoamericanos . Revista de la Sede Académica de México, FLACSO. Nueva Segregación Urbana.
Enregistré dans:
| Collectivité auteur: | |
|---|---|
| Format: | Livre |
| Langue: | Spanish |
| Publié: |
México:
FLACSO, México
2001
|
| Sujets: | |
| Tags: |
Ajouter un tag
Pas de tags, Soyez le premier à ajouter un tag!
|
MARC
| LEADER | 00000nam a22000007a 4500 | ||
|---|---|---|---|
| 003 | cru CIDCACS/IIS | ||
| 005 | 20240705142632.0 | ||
| 008 | 240705b2001 cr ||||| |||| 00| 0 spa d | ||
| 022 | |a 0188-7653 | ||
| 040 | |a cru CIDCACS/IIS |b spa |c cru CIDCACS/IIS | ||
| 110 | 2 | |a FLACSO, México |9 4505 | |
| 245 | |a Perfiles Latinoamericanos . |b Revista de la Sede Académica de México, FLACSO. Nueva Segregación Urbana. |c Facultad Latinoamericano de Ciencias Sociales |h [Impreso] | ||
| 260 | |a México: |b FLACSO, México |c 2001 | ||
| 300 | |a 231 páginas | ||
| 505 | |a Artículos La división social del espacio en las ciudades Martha Schteingart...................................13-31 Fragmentación espacial y social: conceptos y realidades Marie-France Prévot Schapira..........................33-56 De la sociabilidad vigilante a la urbanidad privativa Pedro José García, Marc Villá...........................57-82 Las urbanizaciones privadas en Buenos Aires y su significación Mónica Lacarrieu, Guy Thullier...........................83-113 Centros y espacios públicos como oportunidades Jordi Borja, Zaida Muxí..................................115-130 Ensayos Espacio público y lugares comunes en la Ciudad de México y Los Ángeles Jèrome Monnet.....................................................131-151 Varia Veto, insistencia y control político Manuel Alcántara, Francisco Sánchez...............................153-179 Crisis y pobreza extrema en México. ¿Provoca pobreza el modelo de desarrollo? Henio Millán..........................................................181-203 Bibliografía comentada Adriana Aguayo...........................................................205-213 Reseñas La ciudad construida. Urbanismo en América Latina Catalina Arteaga...........................................................215-219 Los ciclos de la democracia. Gobierno y elecciones en Chihuahua Felipe Mora Arellano........................................................221-227 | ||
| 650 | 0 | |a CIENCIAS SOCIALES |9 75 |2 TESAUROS | |
| 650 | 0 | |a URBANISMO |9 1182 |2 TESAUROS | |
| 650 | 0 | |a SEGURIDAD CIUDADANA |9 12229 |2 TESAUROS | |
| 650 | 0 | |a ESPACIOS PUBLICOS |9 12232 |2 TESAUROS | |
| 650 | 0 | |a CONTROL POLÍTICO |9 7013 |2 TESAUROS | |
| 773 | |t Perfiles Latinoamericanos |g REV0759 9(19) 2001 | ||
| 942 | |2 z |c PP | ||
| 999 | |c 45878 |d 45878 | ||
